Catálogo
 En Linea

Presupuesto ejecutado, 2012. (Registro nro. 46212)

Detalles MARC
000 -CABECERA
campo de control de longitud fija 00835nam a2200169 a 4500
001 - NÚMERO DE CONTROL
campo de control 000046723
005 - FECHA Y HORA DE LA ÚLTIMA TRANSACCIÓN
campo de control 20201002053056.0
008 - DATOS DE LONGITUD FIJA--INFORMACIÓN GENERAL
campo de control de longitud fija 180320s2012 dr 000 0 spa d
040 ## - FUENTE DE LA CATALOGACIÓN
Centro catalogador/agencia de origen DO-SdBNP
Lengua de catalogación spa
Centro/agencia transcriptor BNPHU
082 ## - NÚMERO DE LA CLASIFICACIÓN DECIMAL DEWEY
Número de clasificación xx
Número de documento/Ítem xx
110 2# - ENTRADA PRINCIPAL--NOMBRE DE ENTIDAD CORPORATIVA
Nombre de entidad corporativa o nombre de jurisdicción como elemento de entrada República Dominicana
Unidad subordinada Ministerio de Hacienda. Dirección Nacional de Presupuesto
9 (RLIN) 74660
245 10 - MENCIÓN DE TÍTULO
Título Presupuesto ejecutado, 2012.
260 ## - PUBLICACIÓN, DISTRIBUCIÓN, ETC.
Lugar de publicación, distribución, etc. Santo Domingo :
Nombre del editor, distribuidor, etc. DIGEPRES,
Fecha de publicación, distribución, etc. 2012.
300 ## - DESCRIPCIÓN FÍSICA
Extensión v. ;
Dimensiones 28 cm.
505 0# - NOTA DE CONTENIDO CON FORMATO
Nota de contenido con formato v. 1.
Título Gobierno Central
-- Información sobre los ingresos --
-- Información sobre los gastos --
-- Información sobre el financiamiento --
-- Ejecución del gasto consolidado por institución--
-- Poder Legislativo --
-- Poder Ejecutivo --
-- Poder Judicial
-- Organismos especiales --
-- Categorías Institucionales --
-- Otros detalle de gastos --
590 ## - NOTA LOCAL (RLIN)
Nota local Inventariado, 2018 /VM
Existencias
Estado de retiro Estado de pérdida Restricciones de uso No para préstamo Código de colección Localización permanente Ubicación/localización actual Ubicación en estantería Fecha de adquisición Número de inventario Total de préstamos Signatura topográfica completa Código de barras Fecha visto por última vez Precio válido a partir de Tipo de ítem Koha
    Préstamo interno   Patrimonio Dominicano General General Depósito 20.03.2018 LF1   v. 1, e. 3 46723-30 25.06.2020 25.06.2020 Libro y Folleto Colección Patrimonio Dominicano
      Excluido de préstamo Patrimonio Dominicano Patrimonio Dominicano Patrimonio Dominicano Depósito 20.03.2018 LF1   v. 1 46723-10 25.06.2020 25.06.2020 Libro y Folleto Colección Patrimonio Dominicano
      Excluido de préstamo Patrimonio Dominicano Patrimonio Dominicano Patrimonio Dominicano Depósito 20.03.2018 LF1   v. 1, e. 2 46723-20 25.06.2020 25.06.2020 Libro y Folleto Colección Patrimonio Dominicano

Con tecnología Koha